000 00797nam a2200205Ii 4500
003 JO-AjNU
008 230605s9999||||xx |||||||||||||| ||und||
040 _aJO-AjNU
_bara
_erda
_cJO-AjNU
041 _aara
050 1 4 _aKMM122.Q24 1998
100 3 _aتاليف قليوبي، ربا طاهر,
_eauthor
_924995
245 0 0 _aحقوق الملكية الفكرية: تشريعات - أحكام قضائية اتفاقيات دولية ومصطلحات قانونية
250 _aط1
264 3 1 _aعمان: مكتبة دار الثقافة للنشر والتوزيع، 1998
300 _a516ص
336 _atext
_btxt
_2rdacontent
337 _aunmediated
_bn
_2rdamedia
338 _avolume
_bnc
_2rdacarrier
650 4 _aالملكية الفكرية - تشريعات - قانون
_924996
999 _aA9291
_c12859
_d12859